[Event "Morava-ch U16"]
[Site "Bystrice nad Pernstejnem"]
[Date "2024.11.01"]
[Round "9"]
[White "Dorazilova, Kristyna"]
[Black "Prosecky, Mojmir"]
[Result "1-0"]
[WhiteElo "1764"]
[BlackElo "1135"]
[PlyCount "117"]
[EventDate "2024.10.26"]
[EventType "swiss"]
[EventRounds "9"]
[EventCountry "CZE"]
[SourceTitle "CB45_2024"]
[Source "ChessBase"]
[SourceDate "2024.11.06"]
[SourceVersion "1"]
[SourceVersionDate "2024.11.06"]
[SourceQuality "1"]

1. e4 e5 2. Nf3 Nc6 3. Bb5 a6 4. Ba4 Nf6 5. 0-0 Nxe4 6. Re1 Nc5 7. Bxc6 dxc6 8. Nxe5 Be6 9. d4 Nd7 10. Nd2 Nxe5 11. dxe5 Be7 12. Qe2 0-0 13. Nf3 Bg4 14. h3 Bh5 15. g4 Bg6 16. Bf4 Qc8 17. Rad1 h5 18. Nh2 hxg4 19. hxg4 Qe6 20. b3 Rfe8 21. Bg3 Bc5 22. Kg2 Bb4 23. Rh1 b5 24. f4 f5 25. g5 Qf7 26. Nf1 Rad8 27. Be1 Rxd1 28. Qxd1 Bxe1 29. Qxe1 Qd5+ 30. Kg1 Qf3 31. Qf2 Qxf2+ 32. Kxf2 Kf7 33. Ne3 Rd8 34. Rd1 Rxd1 35. Nxd1 Ke6 36. Ne3 Bh5 37. Ke1 Bf3 38. b4 Bh5 39. Kd2 Be8 40. Kc3 Bd7 41. Kd4 Kf7 42. Nf1 Kg6 43. Ng3 Be6 44. Kc5 Bd7 45. Ne2 Kh5 46. Nd4 Kg4 47. e6 Be8 48. e7 Kxf4 49. Ne6+ Kg4 50. Nxg7 Bd7 51. e8Q Bxe8 52. Nxe8 Kxg5 53. Ng7 f4 54. Ne6+ Kf5 55. Nxf4 Kxf4 56. Kxc6 Ke5 57. Kxc7 Kd5 58. Kb6 Kc4 59. a3 1-0

[Event "Morava-ch U16"]
[Site "Bystrice nad Pernstejnem"]
[Date "2024.10.26"]
[Round "1"]
[White "Prosecky, Mojmir"]
[Black "Kotisa, Jan"]
[Result "1-0"]
[WhiteElo "1135"]
[BlackElo "1712"]
[PlyCount "91"]
[EventDate "2024.10.26"]
[EventType "swiss"]
[EventRounds "9"]
[EventCountry "CZE"]
[SourceTitle "CB45_2024"]
[Source "ChessBase"]
[SourceDate "2024.11.06"]
[SourceVersion "1"]
[SourceVersionDate "2024.11.06"]
[SourceQuality "1"]

1. e4 Nf6 2. Nc3 e5 3. Nf3 Bb4 4. a3 Bxc3 5. dxc3 0-0 6. Bd3 d5 7. Bg5 dxe4 8. Bxf6 Qxf6 9. Bxe4 Nc6 10. 0-0 Bf5 11. Bxf5 Qxf5 12. Re1 Rad8 13. Qe2 a6 14. Qc4 Rfe8 15. Re2 e4 16. Rae1 e3 17. Kf1 Re4 18. Qa2 exf2 19. Kxf2 Rxe2+ 20. Rxe2 g5 21. h3 h5 22. Ke1 g4 23. hxg4 hxg4 24. Nd4 Nxd4 25. cxd4 Rxd4 26. Qb3 Qd5 27. Qxd5 Rxd5 28. Re4 f5 29. Re7 Rc5 30. c3 a5 31. g3 b5 32. Ke2 Kf8 33. Rd7 Re5+ 34. Kd3 c5 35. Rh7 Re7 36. Rh6 Re5 37. Rh7 Ke8 38. b3 a4 39. bxa4 c4+ 40. Kd2 bxa4 41. Ra7 Rd5+ 42. Kc2 Rd3 43. Rxa4 Rxg3 44. Rxc4 Rf3 45. Rd4 g3 46. Rd1 1-0